|
|
|
|
| LEADER |
01106nam a22002657a 4500 |
| 001 |
AAL7314 |
| 003 |
BD-DhAAL |
| 005 |
20160319174433.0 |
| 008 |
160319s 2008bg ||||| |||| 001 0 ben d |
| 020 |
|
|
|a 9847015200077
|
| 040 |
|
|
|a BD-DhAAL
|c BD-DhAAL
|
| 082 |
|
|
|a 929.2/0954
|
| 100 |
|
|
|a মামুন, মুনতাসীর
|9 18617
|
| 245 |
|
|
|a সংবাদ-সাময়িকপত্রে ঢাকার নওয়াব পরিবার /
|c মুনতাসীর মামুন
|
| 250 |
|
|
|a 1st ed.
|
| 260 |
|
|
|a ঢাকা :
|b অনুপম প্রকাশনী,
|c ২০০৮
|
| 300 |
|
|
|a ৩৩৫ পৃ. :
|b চিত্র ;
|c ২২ সে.মি.
|
| 500 |
|
|
|a Includes index
|
| 541 |
|
|
|e 7314
|
| 650 |
|
|
|a Nawab family.
|9 18618
|
| 651 |
|
|
|a Dhaka (Bangladesh) --
|x Kings and rulers.
|9 18619
|
| 852 |
|
|
|a Savar Campus Library General Stacks
|c General Stacks
|
| 942 |
|
|
|2 ddc
|c BK
|
| 999 |
|
|
|c 37158
|d 37158
|
| 952 |
|
|
|0 0
|1 0
|2 ddc
|4 0
|6 929_200000000000000_0954_MAM
|7 0
|9 58429
|a SCL
|b SCL
|c GEN
|d 2016-03-19
|g 400.00
|l 0
|o 929.20954 MAM
|p 3020007314
|r 2016-03-19
|t 1
|w 2016-03-19
|y BK
|